Development research: coming of age-or becoming redundant? /
में बचाया:
| मुख्य लेखक: | |
|---|---|
| स्वरूप: | मूलपाठ |
| टैग: |
टैग जोड़ें
कोई टैग नहीं, इस रिकॉर्ड को टैग करने वाले पहले व्यक्ति बनें!
|
MARC
| LEADER | 00000 a a2200000 04500 | ||
|---|---|---|---|
| 001 | 8179 | ||
| 003 | |||
| 040 | |||
| 100 | |a Secher Marcussen, Henrik | ||
| 245 | |a Development research: |b coming of age-or becoming redundant? / |c Henrik Secher Marcussen | ||
| 773 | |g número 2; páginas 319-329 | ||
| 999 | |c 33516 |d 33516 | ||
